Stredná Európa pod lupou: Bohatstvo, spotreba a úspory v tieni Západu?
Na minha lista:
| Autor principal: | |
|---|---|
| Formato: | Capítulo de Livro |
| Idioma: | eslovaco |
| Tags: |
Sem tags, seja o primeiro a adicionar uma tag!
|
MARC
| LEADER | 00000naa a2200000 4500 | ||
|---|---|---|---|
| 001 | 0311743 | ||
| 005 | 20250730094549.5 | ||
| 041 | 0 | |a slo | |
| 044 | |a SK | ||
| 245 | 1 | 0 | |a Stredná Európa pod lupou: Bohatstvo, spotreba a úspory v tieni Západu? |c Patrícia Krupová |
| 100 | 1 | |a Krupová, Patrícia, 1999- | |